LEADER 01042nam a2200265 u 4500 001 000000058917 003 CaOOAMICUS 005 20070226120738.0 008 010615c19861976it u000 u ita u 035 $a10892746 040 $aPUL(R)$bita 100 1 $aBonanate, Luigi.$0(OLS)http://pul/name/40774 245 10$aDiritto naturale e relazione tra gli stati /$cLuigi Bonante. 260 $aTorino :$bLoescher,$c1986, c1976. 300 $a266 p. ;$c20 cm 490 1 $aFilosofia ;$v4 650 4$aFilosofia del diritto.$0(OLS)http://pul/subject/620 830 0$aFilosofia (Loescher) ;$v4.$0(OLS)http://pul/title/7942 850 $aPUL 852 $aPUL$W1$xSL Filosofia 2$y80$mPhil A19 4$j76901$nBK-PRI$b $qStampati altre collocazioni$B76901$CPULBib$Z2$F76901 $H $81 941 1 $a10 960 $aDiritto$xFilosofia$9620 961 $aINV: 56175 996 $6245$aDiritto naturale e relazione tra gli stati$9(OLS)http://pul/title/78927 996 $6260$aTorino :$bLoescher$9(OLS)http://pul/publisher/48154 LEADER 01224nam a2200301 u 4500 001 000000059590 003 CaOOAMICUS 005 20070226120822.0 008 010703s1976 it u000 u ita u 035 $a10895127 040 $aPUL(R)$bita 100 1 $aTodisco, Orlando,$d1938-$0(OLS)http://pul/name/526 245 10$aMarx e la religione /$cOrlando Todisco. 250 $a2a. ed. riveduta ed accresciuta dall'autore. 260 $aRoma :$bCittà Nuova,$cc1976. 300 $a405 p. ;$c19 cm 490 1 $aIdee ;$v4 500 $a"Testi antologici": p. [274]-347. 504 $aIncludes bibliographical references and index. 600 14$aMarx, Karl,$d1818-1883.$0(OLS)http://pul/subject/4942 650 4$aFilosofia e religione.$0(OLS)http://pul/subject/2646 650 4$aAteismo (filosofia).$0(OLS)http://pul/subject/4943 830 0$aIdee ;$v4.$0(OLS)http://pul/title/622 850 $aPUL 852 $aPUL$W1$xSL Filosofia 2$y80$mPhil A15 4$j77687$nBK-PRI$qStampati altre collocazioni$q $B77687$CPULBib$Z2$F77687 $H $81 941 1 $a10 996 $6245$aMarx e la religione$9(OLS)http://pul/title/8011 996 $6260$aRoma :$bCittà Nuova$9(OLS)http://pul/publisher/47927